Normal view
MARC view
- BIOGRAPHY-AMIR TAIMUR BIOGRAPHY-CHANGAZ KHAN BIOGRAPHY-SIKANDER AZAM
Entry Topical Term
001 - CONTROL NUMBER
- control field: 79170
003 - CONTROL NUMBER IDENTIFIER
- control field: NUST
005 - DATE AND TIME OF LATEST TRANSACTION
- control field: 20210628210403.0
008 - FIXED-LENGTH DATA ELEMENTS
- fixed length control field: 210628|| aca||aabn | a|a d
040 ## - CATALOGING SOURCE
- Original cataloging agency: NUST
- Transcribing agency: NUST
150 ## - HEADING--TOPICAL TERM
- Topical term or geographic name entry element: BIOGRAPHY-AMIR TAIMUR BIOGRAPHY-CHANGAZ KHAN BIOGRAPHY-SIKANDER AZAM
670 ## - SOURCE DATA FOUND
- Source citation: Work cat.: (NUST): Aslam Khokhar 79169, Teen azeem jangjoo sepa salaar sikander azam,changaz khan,amir taimur, 2000
